000 00796nam a2200277Ia 4500
003 OSt
005 20221005052524.0
006 a|||||r|||| 00| 0
007 ta
008 221004b |||||||| |||| 00| 0 eng d
020 _a185715041
024 _a26746
037 _cTextual
040 _aCRL
_cCRL
_beng
041 _2eng
_aeng
082 _aO142,3M90,2, 111N1
100 _aPasternak Boris
245 0 _aDoctor Zhivago Introduced by John Bayley
260 _aLondon
_bDavid Campbell UK
_c1991
300 _a599p.
_ccm.
650 _aENGLISH LITERATURE
700 _a Harari Manya Ed
_9596842
700 _a Hayward Max Ed
_9596843
942 _hO142,3M90,2, 111N1
_cTEXL
_2cc
999 _c960546
_d960546